[Event "74th POL-ch (w)"]
[Site "Kruszwica POL"]
[Date "2022.05.13"]
[Round "5"]
[White "Kiolbasa, Oliwia"]
[Black "Malicka, Maria"]
[Result "1/2-1/2"]
[WhiteElo "2375"]
[BlackElo "2377"]
[EventDate "2022.05.09"]
[Board "5"]
[PlyCount "96"]

1.e4 c6 2.d4 d5 3.e5 c5 4.dxc5 e6 5.Nf3 Bxc5 6.Bd3 Ne7 7.Bf4 Nbc6 8.O-O 
Ng6 9.Bg3 O-O 10.Nbd2 Bd7 11.Re1 Rc8 12.a3 f5 13.exf6 Qxf6 14.Bxg6 Qxg6 
15.b4 Bb6 16.c4 a6 17.c5 Bc7 18.Nc4 Qf6 19.Nd6 Bxd6 20.Bxd6 Rf7 21.Ra2 Re8
22.Rae2 Qf5 23.Qd2 h6 24.h3 Qh5 25.Re3 Rf6 26.Kh2 d4 27.Nxd4 Nxd4 28.Qxd4 
Rxf2 29.Rg3 Rf7 30.Be5 g5 31.Qd3 Bc6 32.Bb2 Rd7 33.Qc3 Kh7 34.Rge3 Qf7 35.
Qc2+ Qg6 36.Qc3 Bd5 37.a4 Rf7 38.Re5 Ref8 39.b5 axb5 40.axb5 Rf2 41.Rxd5 
exd5 42.Re6 Qf7 43.Qd3+ Qf5 44.Re7+ Kg6 45.Re6+ Kh7 46.Re7+ Kg6 47.Re6+ 
Kh7 48.Re7+ Kg6 1/2-1/2

[Event "74th POL-ch (w)"]
[Site "Kruszwica POL"]
[Date "2022.05.14"]
[Round "6"]
[White "Malicka, Maria"]
[Black "Socko, Monika"]
[Result "0-1"]
[WhiteElo "2377"]
[BlackElo "2384"]
[EventDate "2022.05.09"]
[Board "1"]
[PlyCount "144"]

1.e4 e6 2.d4 d5 3.exd5 exd5 4.Nf3 Nc6 5.Bb5 Bd6 6.c4 dxc4 7.d5 a6 8.Ba4 b5
9.dxc6 bxa4 10.O-O Ne7 11.Qxa4 Rb8 12.a3 O-O 13.Nbd2 c3 14.bxc3 Bf5 15.Ne4
Nd5 16.Bg5 f6 17.Bh4 Kh8 18.Nxd6 Qxd6 19.Bg3 Qc5 20.Qd4 Qxc6 21.c4 Nb6 22.
Rfc1 Rfc8 23.Qf4 Bd3 24.Nd4 Qd7 25.c5 Nc4 26.Rd1 Nb2 27.Rd2 Bg6 28.Qf3 Re8
29.Qc3 Na4 30.Qa5 Nb2 31.Qxc7 Qa4 32.Ne6 Rg8 33.Nxg7 Nd3 34.Ne6 Rbe8 35.
Nf4 Qxa3 36.Rdd1 Qc3 37.Nxd3 Bxd3 38.Rac1 Bc2 39.Rf1 Rc8 40.Qd6 Rxc5 41.
Rxc2 Qxc2 42.Qxf6+ Rg7 43.Qd8+ Rg8 44.Qd4+ Rg7 45.Be5 Rxe5 46.Qxe5 h6 47.
g3 Kh7 48.Qd5 Rc7 49.Ra1 Qg6 50.Qa8 Qd3 51.Kg2 Rf7 52.Re1 Qc2 53.Qe4+ 
Qxe4+ 54.Rxe4 a5 55.Ra4 Rf5 56.f4 Rb5 57.Kf3 Kg6 58.Rc4 Rb2 59.Rc6+ Kg7 
60.h3 a4 61.Ra6 Rb3+ 62.Kg4 a3 63.f5 Kh7 64.Ra7+ Kg8 65.f6 Kf8 66.Kf4 Rb4+
67.Kf5 Rb5+ 68.Kg4 Rb6 69.Kf5 Rb5+ 70.Kg4 Rb6 71.Rxa3 Rxf6 72.Rf3 h5+ 0-1

[Event "74th POL-ch (w)"]
[Site "Kruszwica POL"]
[Date "2022.05.14"]
[Round "6"]
[White "Rudzinska, Michalina"]
[Black "Kiolbasa, Oliwia"]
[Result "1-0"]
[WhiteElo "2236"]
[BlackElo "2375"]
[EventDate "2022.05.09"]
[Board "2"]
[PlyCount "59"]

1.e4 e5 2.Nf3 Nc6 3.Nc3 Nf6 4.Bb5 Bb4 5.O-O O-O 6.d3 Bxc3 7.bxc3 d6 8.Bg5 
h6 9.Bh4 Qe7 10.Re1 a6 11.Ba4 b5 12.Bb3 Na5 13.d4 g5 14.Nxg5 hxg5 15.Bxg5 
Nxb3 16.cxb3 Kg7 17.f4 Qd7 18.f5 Rh8 19.Re3 Ne8 20.Qg4 Kf8 21.dxe5 f6 22.
exf6 c5 23.Rh3 Rxh3 24.Qxh3 Kg8 25.Qh5 Ra7 26.Qg6+ Kh8 27.Rf1 Qf7 28.Rf4 
Qxg6 29.fxg6 Ng7 30.Rh4+ 1-0

[Event "74th POL-ch (w)"]
[Site "Kruszwica POL"]
[Date "2022.05.14"]
[Round "6"]
[White "Kubicka, Anna"]
[Black "Majdan, Joanna"]
[Result "1/2-1/2"]
[WhiteElo "2245"]
[BlackElo "2325"]
[EventDate "2022.05.09"]
[Board "3"]
[PlyCount "67"]

1.e4 c5 2.Nf3 d6 3.Bb5+ Nd7 4.c3 a6 5.Bd3 Ngf6 6.O-O b5 7.a4 Bb7 8.Re1 e6 
9.Bc2 c4 10.d4 cxd3 11.Bxd3 Be7 12.Nbd2 Nc5 13.Bc2 bxa4 14.Rxa4 Nxa4 15.
Bxa4+ Kf8 16.Nd4 Qc7 17.Qf3 h5 18.Bb3 Kg8 19.Qh3 d5 20.e5 Ng4 21.Qg3 a5 
22.Bd1 a4 23.h3 Nh6 24.Bxh5 Qb6 25.N2f3 Nf5 26.Nxf5 exf5 27.e6 Rxh5 28.
exf7+ Kxf7 29.Rxe7+ Kxe7 30.Qxg7+ Ke8 31.Qg8+ Ke7 32.Qg7+ Ke8 33.Qg8+ Ke7 
34.Qg7+ 1/2-1/2

[Event "74th POL-ch (w)"]
[Site "Kruszwica POL"]
[Date "2022.05.14"]
[Round "6"]
[White "Zawadzka, Jolanta"]
[Black "Antolak, Julia"]
[Result "1/2-1/2"]
[WhiteElo "2409"]
[BlackElo "2371"]
[EventDate "2022.05.09"]
[Board "4"]
[PlyCount "80"]

1.e4 c6 2.d4 d5 3.e5 c5 4.dxc5 e6 5.Bd3 Bxc5 6.Qg4 Ne7 7.Nf3 Nbc6 8.Qxg7 
Rg8 9.Qxh7 Qc7 10.Kf1 Nxe5 11.Bf4 Bd6 12.Nc3 Nxd3 13.Bxd6 Qxd6 14.Qxd3 Bd7
15.Re1 Rc8 16.Qd4 Qa6+ 17.Kg1 Rc4 18.Qd3 Qa5 19.h4 Qb4 20.Ne5 Rxh4 21.Rxh4
Qxh4 22.Qf3 f6 23.Nd3 Qg4 24.Qxg4 Rxg4 25.f3 Rc4 26.f4 Kf7 27.Re2 Nf5 28.
g4 Nd4 29.Rg2 b5 30.a3 a5 31.Ne1 Nc6 32.Nxb5 Rxf4 33.Nd3 Rf3 34.Nc5 Ne5 
35.Nd4 Rf4 36.c3 Bc8 37.g5 fxg5 38.Rxg5 Rxd4 39.Rxe5 Rd2 40.b4 axb4 
1/2-1/2

[Event "74th POL-ch (w)"]
[Site "Kruszwica POL"]
[Date "2022.05.14"]
[Round "6"]
[White "Kulon, Klaudia"]
[Black "Cyfka, Karina"]
[Result "1/2-1/2"]
[WhiteElo "2305"]
[BlackElo "2404"]
[EventDate "2022.05.09"]
[Board "5"]
[PlyCount "127"]

1.c4 e5 2.Nc3 Bb4 3.d3 Bxc3+ 4.bxc3 d6 5.g3 Nc6 6.Bg2 Nge7 7.e4 O-O 8.Rb1 
Rb8 9.Ne2 f5 10.exf5 Bxf5 11.h3 Qd7 12.g4 Be6 13.O-O h5 14.f3 d5 15.c5 Ng6
16.Bg5 hxg4 17.fxg4 Rxf1+ 18.Qxf1 Nd8 19.d4 Nf7 20.Be3 c6 21.Qf2 Rf8 22.
Qg3 Qe7 23.Kh2 Bc8 24.Ng1 exd4 25.cxd4 Ng5 26.Bxg5 Qxg5 27.Nf3 Qf6 28.Rf1 
Qf4 29.Qxf4 Nxf4 30.Re1 Ne6 31.Kg3 Nc7 32.a4 Ne6 33.h4 Nc7 34.Bf1 Re8 35.
Rxe8+ Nxe8 36.Bd3 Nc7 37.Kf4 b6 38.cxb6 axb6 39.g5 c5 40.Ke5 Bg4 41.Ne1 
Ne6 42.Nc2 cxd4 43.Nxd4 Nxd4 44.Kxd4 Bd1 45.Bb5 Kf7 46.Kxd5 Kg6 47.Ke6 
Bb3+ 48.Ke7 Kh5 49.Kf8 g6 50.Kg7 Bc2 51.Be8 Bb1 52.Kf6 Bc2 53.Bf7 Bb1 54.
Kg7 Bc2 55.Kh7 Bxa4 56.Bxg6+ Kxh4 57.Kh6 Bb3 58.Bd3 Bf7 59.Bb5 Bh5 60.Bc6 
Bf7 61.Ba4 Bh5 62.Bc2 b5 63.g6 Bxg6 64.Kxg6 1/2-1/2

[Event "74th POL-ch (w)"]
[Site "Kruszwica POL"]
[Date "2022.05.15"]
[Round "7"]
[White "Socko, Monika"]
[Black "Rudzinska, Michalina"]
[Result "1/2-1/2"]
[WhiteElo "2384"]
[BlackElo "2236"]
[EventDate "2022.05.09"]
[Board "1"]
[PlyCount "105"]

1.d4 Nf6 2.c4 e6 3.Nc3 Bb4 4.e3 O-O 5.a3 Bxc3+ 6.bxc3 d6 7.Nf3 c5 8.Bd3 
Nc6 9.O-O e5 10.d5 e4 11.dxc6 bxc6 12.Be2 exf3 13.Bxf3 Qc7 14.Qa4 Bb7 15.
Rb1 Rfc8 16.Rd1 Nd7 17.e4 Nb6 18.Qc2 Nxc4 19.Be2 Ne5 20.f4 Ng6 21.c4 Re8 
22.Rb3 Rad8 23.Rg3 d5 24.f5 Ne5 25.Bh6 g6 26.Bg5 Rd6 27.Bf4 dxe4 28.Rxd6 
Qxd6 29.Qxe4 Qd4+ 30.Qxd4 cxd4 31.c5 Bc8 32.fxg6 hxg6 33.Kf2 Bf5 34.h3 Bc2
35.Ba6 Kg7 36.Bc1 f6 37.h4 Nd7 38.Bd3 Bxd3 39.Rxd3 Nxc5 40.Rxd4 f5 41.Be3 
Ne4+ 42.Kf3 Re7 43.Rc4 Rc7 44.Bf4 c5 45.Bxc7 Nd2+ 46.Kf4 Nxc4 47.Bb8 a5 
48.Ba7 Nxa3 49.Bxc5 Nc2 50.h5 gxh5 51.Kxf5 Ne1 52.Bd4+ Kf7 53.Bc3 1/2-1/2

[Event "74th POL-ch (w)"]
[Site "Kruszwica POL"]
[Date "2022.05.15"]
[Round "7"]
[White "Majdan, Joanna"]
[Black "Zawadzka, Jolanta"]
[Result "0-1"]
[WhiteElo "2325"]
[BlackElo "2409"]
[EventDate "2022.05.09"]
[Board "2"]
[PlyCount "80"]

1.e4 c5 2.Nf3 d6 3.Bb5+ Nd7 4.d4 cxd4 5.Qxd4 a6 6.Bxd7+ Bxd7 7.c4 Nf6 8.
O-O g6 9.Nc3 Bg7 10.Bg5 O-O 11.Qd3 Rc8 12.Rac1 h6 13.Bh4 Re8 14.b3 Kh7 15.
Bxf6 Bxf6 16.Qd5 Be6 17.Qxb7 Bxc3 18.Rxc3 Qa5 19.Rfc1 Rc7 20.b4 Rxb7 21.
bxa5 Rc8 22.Kf1 Rb4 23.c5 dxc5 24.Nd2 c4 25.Ke2 Kg7 26.Ke3 Ra4 27.a3 f6 
28.f4 Kf7 29.h3 h5 30.g4 hxg4 31.hxg4 Bxg4 32.Nxc4 Rh8 33.Kd4 Be6 34.Kc5 
Rc8+ 35.Kd4 Bxc4 36.Rxc4 e5+ 37.fxe5 fxe5+ 38.Kd5 Raxc4 39.Rxc4 Rxc4 40.
Kxc4 g5 0-1

[Event "74th POL-ch (w)"]
[Site "Kruszwica POL"]
[Date "2022.05.15"]
[Round "7"]
[White "Antolak, Julia"]
[Black "Kulon, Klaudia"]
[Result "1/2-1/2"]
[WhiteElo "2371"]
[BlackElo "2305"]
[EventDate "2022.05.09"]
[Board "3"]
[PlyCount "78"]

1.e4 c5 2.Nf3 g6 3.d4 cxd4 4.Qxd4 Nf6 5.Nc3 Nc6 6.Qa4 d6 7.e5 dxe5 8.Nxe5 
Bd7 9.Nxd7 Nxd7 10.Be2 Bg7 11.O-O Nb6 12.Qh4 Nd4 13.Bd3 O-O 14.Bg5 Re8 15.
Rad1 a6 16.Rfe1 Qd7 17.Rxe7 Rxe7 18.Bxe7 Nf5 19.Bxf5 Qxf5 20.Qb4 Re8 21.
Qxb6 Rxe7 22.h3 Rd7 23.Rxd7 Qxd7 24.Qe3 h5 25.a3 Kh7 26.Qd3 Qe7 27.Qd2 Bh6
28.Qe2 Qd7 29.Ne4 Qe6 30.a4 h4 31.b3 Qe5 32.Qc4 Qf4 33.Nc5 Qc1+ 34.Qf1 
Qxc2 35.Nxb7 Qc7 36.Qxa6 Qc1+ 37.Qf1 Qc7 38.Qb5 Qc1+ 39.Qf1 Qc7 1/2-1/2

[Event "74th POL-ch (w)"]
[Site "Kruszwica POL"]
[Date "2022.05.15"]
[Round "7"]
[White "Kiolbasa, Oliwia"]
[Black "Kubicka, Anna"]
[Result "1/2-1/2"]
[WhiteElo "2375"]
[BlackElo "2245"]
[EventDate "2022.05.09"]
[Board "4"]
[PlyCount "223"]

1.e4 e5 2.Nf3 Nc6 3.Bb5 a6 4.Ba4 d6 5.O-O Bd7 6.d4 Nxd4 7.Bxd7+ Qxd7 8.
Nxd4 exd4 9.Qxd4 Nf6 10.Nc3 Be7 11.b3 O-O 12.Bb2 Rae8 13.Rad1 Bd8 14.h3 
Qc6 15.Rd3 Nh5 16.Nd5 Re6 17.Rc3 Qd7 18.Qd1 Nf6 19.Rg3 g6 20.Rf3 Nxd5 21.
exd5 Re4 22.Qd3 f5 23.a4 Bg5 24.a5 Qb5 25.Bc1 Bxc1 26.Qxb5 axb5 27.Rxc1 
Rd4 28.Rd3 Rxd3 29.cxd3 Rf7 30.f4 Kf8 31.Kf2 Ke8 32.a6 bxa6 33.Ra1 Kd7 34.
Rxa6 Rf8 35.b4 Rb8 36.Ra7 Re8 37.Ra5 Rb8 38.Ra7 h6 39.Kf3 Re8 40.Ra1 g5 
41.Ra5 Re1 42.Rxb5 Rf1+ 43.Ke2 Rxf4 44.g3 Rd4 45.Ke3 c5 46.dxc6+ Kxc6 47.
Rxf5 Rxb4 48.Rf6 h5 49.Rf5 h4 50.Rxg5 hxg3 51.Rg4 g2 52.Rxg2 Rh4 53.Rg3 
Kd5 54.Kf2 Ke5 55.Kg2 Rh8 56.Rg4 Ra8 57.Kf3 Rf8+ 58.Ke3 Rh8 59.h4 Ra8 60.
Rg5+ Kf6 61.Rb5 Ra1 62.h5 Rh1 63.d4 Rh3+ 64.Ke4 Rh4+ 65.Kd3 Rh3+ 66.Kc4 
Rh1 67.Rd5 Ke6 68.Rg5 d5+ 69.Kc3 Rh3+ 70.Kb4 Rh1 71.Kc5 Rc1+ 72.Kb5 Rb1+ 
73.Kc6 Rc1+ 74.Kb6 Rb1+ 75.Kc7 Rc1+ 76.Kb7 Rb1+ 77.Ka7 Rd1 78.Rg4 Rh1 79.
Kb6 Kf5 80.Rg8 Rxh5 81.Re8 Kf6 82.Kc6 Kf7 83.Re1 Kf8 84.Kc5 Kf7 85.Kd6 Kf8
86.Re2 Kf7 87.Re7+ Kf8 88.Re3 Kf7 89.Kc6 Kf8 90.Kc5 Kf7 91.Kd6 Kf8 92.Kd7 
Rh7+ 93.Kc6 Rh5 94.Re1 Rg5 95.Kd7 Rg7+ 96.Kd6 Rg5 97.Ke6 Rh5 98.Kf6 Rh6+ 
99.Kg5 Rh2 100.Kf5 Rh4 101.Ke5 Re4+ 102.Rxe4 dxe4 103.Kxe4 Ke8 104.Kf5 Kd7
105.Ke5 Ke7 106.d5 Kd7 107.d6 Kd8 108.Kf6 Kd7 109.Ke5 Kd8 110.Ke6 Ke8 111.
d7+ Kd8 112.Kd6 1/2-1/2

[Event "74th POL-ch (w)"]
[Site "Kruszwica POL"]
[Date "2022.05.15"]
[Round "7"]
[White "Cyfka, Karina"]
[Black "Malicka, Maria"]
[Result "0-1"]
[WhiteElo "2404"]
[BlackElo "2377"]
[EventDate "2022.05.09"]
[Board "5"]
[PlyCount "112"]

1.d4 Nf6 2.c4 g6 3.Nc3 d5 4.cxd5 Nxd5 5.e4 Nxc3 6.bxc3 Bg7 7.Be3 c5 8.Rc1 
O-O 9.Nf3 Qa5 10.Qd2 cxd4 11.cxd4 Qxd2+ 12.Kxd2 Nc6 13.d5 Rd8 14.Kc2 Na5 
15.Bd2 b6 16.Bxa5 bxa5 17.Bc4 Rb8 18.Rb1 Rb4 19.Nd2 Bd7 20.Rxb4 axb4 21.
Nb3 Rc8 22.Kd3 e6 23.Nd4 exd5 24.exd5 Kf8 25.Re1 a5 26.f3 h5 27.Re2 a4 28.
Re1 Ra8 29.Re2 Bf6 30.Bb5 Bxb5+ 31.Nxb5 b3 32.axb3 axb3 33.Nc3 Rc8 34.Na4 
Rb8 35.Re1 b2 36.Rb1 Rb4 37.Nc5 Rd4+ 38.Ke2 Rxd5 39.Nd3 Bc3 40.Ke3 Ra5 41.
Nxb2 Rb5 42.Nd1 Rxb1 43.Nxc3 Rb3 44.Kd3 Ke7 45.Kc2 Ra3 46.Ne2 h4 47.h3 Ra5
48.Kd2 Rg5 49.Nf4 Kf6 50.Ke2 Kf5 51.Ke3 Rg3 52.Ne2 Rxg2 53.Nd4+ Ke5 54.
Nc6+ Kd5 55.Nd8 f6 56.Nf7 Rg3 0-1

[Event "74th POL-ch (w)"]
[Site "Kruszwica POL"]
[Date "2022.05.16"]
[Round "8"]
[White "Zawadzka, Jolanta"]
[Black "Kiolbasa, Oliwia"]
[Result "0-1"]
[WhiteElo "2409"]
[BlackElo "2375"]
[EventDate "2022.05.09"]
[Board "1"]
[PlyCount "78"]

1.e4 e5 2.Nf3 Nc6 3.Bc4 Nf6 4.d3 Be7 5.O-O d6 6.a3 O-O 7.Nc3 Be6 8.Nd5 Nb8
9.b4 Nxd5 10.exd5 Bg4 11.Qe2 Nd7 12.Bb2 f5 13.h3 Bh5 14.Bb3 Bf6 15.c3 e4 
16.dxe4 Ne5 17.g4 fxg4 18.Nxe5 Bxe5 19.hxg4 Qh4 20.f3 Rxf3 21.Rxf3 Qxg4+ 
22.Kf2 Bg3+ 23.Ke3 Re8 24.Bc2 Bf4+ 25.Kd4 Qxf3 26.Qxf3 Bxf3 27.Bc1 Be5+ 
28.Kc4 h5 29.Bg5 Bg3 30.Kd4 h4 31.Ke3 Bg2 32.Bf4 Bxf4+ 33.Kxf4 Rf8+ 34.Kg4
h3 35.Kg3 Rf3+ 36.Kh2 g5 37.e5 g4 38.Be4 g3+ 39.Kg1 Rf2 0-1

[Event "74th POL-ch (w)"]
[Site "Kruszwica POL"]
[Date "2022.05.16"]
[Round "8"]
[White "Antolak, Julia"]
[Black "Majdan, Joanna"]
[Result "1/2-1/2"]
[WhiteElo "2371"]
[BlackElo "2325"]
[EventDate "2022.05.09"]
[Board "2"]
[PlyCount "107"]

1.e4 c5 2.Nf3 Nc6 3.Bb5 g6 4.O-O Bg7 5.c3 Nf6 6.Re1 O-O 7.h3 Qb6 8.Ba4 d6 
9.d4 cxd4 10.cxd4 Nd7 11.d5 Nce5 12.Nxe5 Nxe5 13.Nc3 f5 14.Be3 Qxb2 15.Bd4
Qb4 16.Nb5 fxe4 17.Rxe4 Bf5 18.a3 Qa5 19.Re3 Rac8 20.f4 Rc4 21.Bb3 Qxb5 
22.fxe5 Rxd4 23.Qxd4 Bxe5 24.Rxe5 dxe5 25.Qe3 Bd3 26.Ba2 Qb6 27.Qxb6 axb6 
28.Re1 e4 29.d6+ Kg7 30.dxe7 Re8 31.Bb1 Bxb1 32.Rxb1 Rxe7 33.Rxb6 Kh6 34.
Rb5 e3 35.Kf1 Rf7+ 36.Ke2 Rf2+ 37.Kxe3 Rxg2 38.Kf3 Ra2 39.Rxb7 Rxa3+ 40.
Kg2 Rc3 41.Ra7 Re3 42.Rb7 g5 43.Ra7 Kg6 44.Rb7 h5 45.Rb6+ Kf5 46.Rb5+ Kf4 
47.Rb4+ Re4 48.Rb2 g4 49.hxg4 Kxg4 50.Ra2 h4 51.Rb2 Rf4 52.Ra2 Re4 53.Rb2 
Rf4 54.Ra2 1/2-1/2

[Event "74th POL-ch (w)"]
[Site "Kruszwica POL"]
[Date "2022.05.16"]
[Round "8"]
[White "Rudzinska, Michalina"]
[Black "Cyfka, Karina"]
[Result "1-0"]
[WhiteElo "2236"]
[BlackElo "2404"]
[EventDate "2022.05.09"]
[Board "3"]
[PlyCount "133"]

1.e4 e5 2.Bc4 Nf6 3.d3 Nc6 4.Nc3 Bc5 5.f4 d6 6.Nf3 exf4 7.Bxf4 Bg4 8.Qd2 
Bxf3 9.gxf3 Ne5 10.O-O-O Nh5 11.Be3 Bxe3 12.Qxe3 Ng6 13.Ne2 Qf6 14.d4 O-O 
15.Rhg1 Nhf4 16.Rg4 Nxe2+ 17.Qxe2 c6 18.a3 b5 19.Ba2 Rab8 20.Rdg1 Kh8 21.
Qf2 c5 22.e5 dxe5 23.dxc5 a5 24.Qe3 b4 25.a4 Rbc8 26.Bd5 Qe7 27.c6 Qd6 28.
Rd1 Rcd8 29.Rgg1 Qc7 30.Qc5 Ne7 31.Rg2 Rc8 32.Rgd2 Nxc6 33.Bxc6 Qxc6 34.
Qxc6 Rxc6 35.Rd5 Re6 36.Rxa5 f5 37.Rb5 g5 38.Rxb4 e4 39.fxe4 fxe4 40.Re1 
e3 41.Rg4 h6 42.Rg3 Rfe8 43.c4 Kh7 44.Kc2 Kg6 45.b4 Kf5 46.a5 g4 47.b5 h5 
48.a6 h4 49.Rgg1 e2 50.a7 Kf4 51.Ra1 Ra8 52.Kc3 Kf3 53.c5 Kf2 54.b6 Ree8 
55.Rxg4 e1=Q+ 56.Rxe1 Kxe1 57.Rxh4 Ke2 58.c6 Kf3 59.c7 Re3+ 60.Kd4 Re1 61.
b7 Rxa7 62.Rh3+ Kg2 63.c8=Q Ra4+ 64.Kd5 Ra5+ 65.Kc4 Re4+ 66.Kb3 Rb5+ 67.
Kc3 1-0

[Event "74th POL-ch (w)"]
[Site "Kruszwica POL"]
[Date "2022.05.16"]
[Round "8"]
[White "Kulon, Klaudia"]
[Black "Malicka, Maria"]
[Result "0-1"]
[WhiteElo "2305"]
[BlackElo "2377"]
[EventDate "2022.05.09"]
[Board "4"]
[PlyCount "52"]

1.Nf3 c5 2.c4 Nf6 3.Nc3 d5 4.cxd5 Nxd5 5.g3 Nc7 6.Bg2 Nc6 7.a3 g6 8.h4 h6 
9.d3 Bg7 10.Be3 Nd4 11.Na4 Nd5 12.Nxd4 Nxe3 13.fxe3 cxd4 14.Nc5 O-O 15.Qc1
dxe3 16.Qxe3 Bxb2 17.Rb1 Bd4 18.Qxh6 Qa5+ 19.Rb4 Qxc5 20.Rc4 Qe5 21.Kd2 
Be6 22.e3 Bxc4 23.exd4 Qxd4 24.Be4 Rad8 25.Bxg6 fxg6 26.Qxg6+ Qg7 0-1

[Event "74th POL-ch (w)"]
[Site "Kruszwica POL"]
[Date "2022.05.16"]
[Round "8"]
[White "Kubicka, Anna"]
[Black "Socko, Monika"]
[Result "0-1"]
[WhiteElo "2245"]
[BlackElo "2384"]
[EventDate "2022.05.09"]
[Board "5"]
[PlyCount "96"]

1.e4 e6 2.Qe2 c5 3.g3 Nc6 4.Bg2 e5 5.d3 g6 6.c3 Bg7 7.f4 d6 8.Nf3 Nge7 9.
O-O O-O 10.Na3 Rb8 11.fxe5 dxe5 12.Be3 b6 13.Nc4 h6 14.Rad1 Be6 15.b3 Qd7 
16.Bc1 Rbd8 17.Ne3 Kh7 18.g4 b5 19.Nf5 f6 20.Nxg7 Kxg7 21.Qe3 g5 22.Qxc5 
Bxg4 23.Qxb5 Ng6 24.Qd5 Qe8 25.Qc5 Rf7 26.h3 Bh5 27.b4 Rc8 28.Qf2 Nd8 29.
Qb2 Ne6 30.d4 Nef4 31.Bxf4 Nxf4 32.Rf2 Rfc7 33.dxe5 fxe5 34.c4 Bxf3 35.
Rxf3 Rxc4 36.Rd2 Qe7 37.a3 Rxe4 38.Kh2 Re1 39.Rc3 Rf8 40.Bc6 Qf6 41.Qc2 e4
42.Bb7 Ne6 43.Rd7+ Kh8 44.Bxe4 Qe5+ 45.Rg3 Rxe4 46.Qc3 Nd4 47.Qc7 Re2+ 48.
Kg1 Re1+ 0-1

[Event "74th POL-ch (w)"]
[Site "Kruszwica POL"]
[Date "2022.05.17"]
[Round "9"]
[White "Cyfka, Karina"]
[Black "Kubicka, Anna"]
[Result "1/2-1/2"]
[WhiteElo "2404"]
[BlackElo "2245"]
[EventDate "2022.05.09"]
[Board "1"]
[PlyCount "94"]

1.d4 Nf6 2.c4 g6 3.Nc3 Bg7 4.e4 d6 5.Nf3 O-O 6.Be2 e5 7.Be3 exd4 8.Nxd4 
Re8 9.f3 c6 10.Bf2 d5 11.exd5 cxd5 12.O-O Nc6 13.c5 Nh5 14.Qd2 Be5 15.g3 
Bh3 16.Rfe1 Ng7 17.Rad1 Ne6 18.Nb3 d4 19.Nb5 Qf6 20.Qh6 Bf5 21.f4 Qg7 22.
Qxg7+ Bxg7 23.Rd2 Bf8 24.Rc1 Rad8 25.Bf3 h5 26.Bxc6 bxc6 27.N5xd4 Nxd4 28.
Nxd4 Be4 29.Be3 Bd5 30.Kf2 Rb8 31.b3 a5 32.Nf3 a4 33.bxa4 Rb4 34.Ne5 Bg7 
35.Rd4 Rb2+ 36.Rd2 Rb4 37.Rd4 Rxd4 38.Bxd4 Ra8 39.Be3 Rxa4 40.Rc2 Kh7 41.
h4 Ra7 42.Rd2 Ra3 43.Rc2 Ra4 44.Rd2 Ra6 45.Rb2 Bxe5 46.fxe5 Rxa2 47.Rxa2 
Bxa2 1/2-1/2

[Event "74th POL-ch (w)"]
[Site "Kruszwica POL"]
[Date "2022.05.17"]
[Round "9"]
[White "Majdan, Joanna"]
[Black "Kulon, Klaudia"]
[Result "1/2-1/2"]
[WhiteElo "2325"]
[BlackElo "2305"]
[EventDate "2022.05.09"]
[Board "2"]
[PlyCount "72"]

1.e4 e5 2.Nf3 Nc6 3.Bb5 Nf6 4.O-O Nxe4 5.Re1 Nd6 6.Nxe5 Nxe5 7.Rxe5+ Be7 
8.Bf1 O-O 9.d4 Ne8 10.d5 d6 11.Re1 Nf6 12.Nc3 Bf5 13.h3 h6 14.a4 Re8 15.a5
a6 16.g4 Bh7 17.Bg2 Nd7 18.Ne4 Bh4 19.Ra3 Ne5 20.Rae3 Qd7 21.b3 Ng6 22.
R3e2 Re7 23.g5 hxg5 24.Nxg5 Rae8 25.Nxh7 Kxh7 26.Qd3 Rxe2 27.Rxe2 Rxe2 28.
Qxe2 Qf5 29.Be3 Nf4 30.Qf3 Bg5 31.h4 Bh6 32.Bxf4 Qxf4 33.Qxf4 Bxf4 34.Bh3 
b6 35.Bc8 bxa5 36.Bxa6 Kg6 1/2-1/2

[Event "74th POL-ch (w)"]
[Site "Kruszwica POL"]
[Date "2022.05.17"]
[Round "9"]
[White "Kiolbasa, Oliwia"]
[Black "Antolak, Julia"]
[Result "1/2-1/2"]
[WhiteElo "2375"]
[BlackElo "2371"]
[EventDate "2022.05.09"]
[Board "3"]
[PlyCount "150"]

1.e4 c6 2.d4 d5 3.e5 Bf5 4.h4 h5 5.Bd3 Bxd3 6.Qxd3 Qa5+ 7.b4 Qxb4+ 8.Nd2 
e6 9.Rb1 Qe7 10.c4 Nh6 11.Ne2 Qd7 12.Ng3 Be7 13.Ba3 b6 14.Bxe7 Qxe7 15.
cxd5 exd5 16.Nxh5 g6 17.Nf6+ Kf8 18.h5 Ng8 19.Nxg8 Kxg8 20.Rh3 gxh5 21.Nf3
Nd7 22.Nh4 Kf8 23.Qf3 Qe6 24.Nf5 Nf6 25.Kd1 Ng8 26.Rxh5 Rxh5 27.Qxh5 Qg6 
28.g4 Qxh5 29.gxh5 Ne7 30.Nd6 Kg7 31.Ke2 Rh8 32.Rh1 a6 33.f4 Rf8 34.f5 f6 
35.e6 Rd8 36.Nf7 Rc8 37.Nd6 Rd8 38.Nf7 Rc8 39.Rf1 Kh7 40.Rf4 Rg8 41.h6 a5 
42.Kf2 c5 43.dxc5 bxc5 44.Ra4 Ra8 45.Rg4 Rg8 46.Rxg8 Kxg8 47.Nd6 Kh7 48.
Kf3 Kxh6 49.Kf4 c4 50.a3 c3 51.Ke3 Kg5 52.Kd3 Kf4 53.a4 Ke5 54.Nb7 Kxf5 
55.Kxc3 Kxe6 56.Nxa5 Ke5 57.Nb3 Nc6 58.a5 Ke4 59.a6 f5 60.Nc5+ Ke5 61.Nd3+
Kd6 62.Kd2 Kc7 63.Ke3 Kb6 64.Kf4 Ne7 65.Nb4 d4 66.Ke5 Nc6+ 67.Nxc6 d3 68.
Nb4 d2 69.Nd5+ Kxa6 70.Nc3 Ka5 71.Kxf5 Kb4 72.Nd1 Kb3 73.Ke4 Kc2 74.Nf2 
d1=Q 75.Nxd1 Kxd1 1/2-1/2

[Event "74th POL-ch (w)"]
[Site "Kruszwica POL"]
[Date "2022.05.17"]
[Round "9"]
[White "Socko, Monika"]
[Black "Zawadzka, Jolanta"]
[Result "1-0"]
[WhiteElo "2384"]
[BlackElo "2409"]
[EventDate "2022.05.09"]
[Board "4"]
[PlyCount "177"]

1.d4 d5 2.c4 e6 3.Nf3 Nf6 4.Nc3 dxc4 5.e3 a6 6.Bxc4 b5 7.Bb3 c5 8.O-O Bb7 
9.Qe2 Nbd7 10.Rd1 Qc7 11.h3 Be7 12.Bd2 O-O 13.Rac1 Qb6 14.Be1 Rfd8 15.Bc2 
h6 16.Bb1 Rac8 17.a3 cxd4 18.Nxd4 Ne5 19.Ba2 Bc5 20.Nb3 Bf8 21.Rxd8 Rxd8 
22.Rd1 Nc4 23.Rxd8 Qxd8 24.Nd4 e5 25.Nf5 g6 26.Ng3 Qb6 27.Bxc4 bxc4 28.e4 
h5 29.Nd5 Nxd5 30.exd5 Qd4 31.Ne4 Bg7 32.Nc3 Bxd5 33.Nxd5 Qxd5 34.Bc3 e4 
35.Bxg7 Kxg7 36.Qe3 Qd3 37.Qb6 a5 38.Kh2 Qd2 39.Kg1 h4 40.a4 Qd1+ 41.Kh2 
Qd2 42.Kg1 Qc1+ 43.Kh2 Qf4+ 44.Kg1 Qf6 45.Qc5 Qxb2 46.Qxc4 Qb4 47.Qc2 Qd4 
48.Qb3 Qd2 49.Qb5 Kh6 50.Qe5 f5 51.Qc5 Kh5 52.Qa7 Qd1+ 53.Kh2 Qd6+ 54.Kg1 
Qe5 55.Qh7+ Kg5 56.Qd7 Kh6 57.Qd8 Qa1+ 58.Kh2 Qe5+ 59.Kg1 f4 60.Qxh4+ Kg7 
61.Qg4 e3 62.fxe3 fxe3 63.Kf1 Qb2 64.Qe2 Qc3 65.g4 Qd4 66.Kg2 g5 67.Kf1 
Qe4 68.Kg1 Kh7 69.Kh2 Kg8 70.Kg1 Kf8 71.Qe1 Qe5 72.Kg2 Ke7 73.Qe2 Qd4 74.
Kg3 Kd8 75.Kg2 Kc7 76.Qc2+ Kd6 77.Qg6+ Kc5 78.Qxg5+ Kc4 79.Qb5+ Kc3 80.Kf3
Qd3 81.Qxa5+ Kc2 82.Qe1 Qd5+ 83.Kxe3 Qe5+ 84.Kf2 Qh2+ 85.Kf3 Qxh3+ 86.Qg3 
Qh6 87.Qf2+ Kd3 88.Qe2+ Kd4 89.Qe4+ 1-0

[Event "74th POL-ch (w)"]
[Site "Kruszwica POL"]
[Date "2022.05.17"]
[Round "9"]
[White "Malicka, Maria"]
[Black "Rudzinska, Michalina"]
[Result "1/2-1/2"]
[WhiteElo "2377"]
[BlackElo "2236"]
[EventDate "2022.05.09"]
[Board "5"]
[PlyCount "115"]

1.e4 c5 2.Nf3 d6 3.c3 Nf6 4.Be2 g6 5.O-O Bg7 6.Bb5+ Nc6 7.Re1 Bd7 8.d4 a6 
9.Bf1 Bg4 10.d5 Ne5 11.Nbd2 b5 12.h3 Nxf3+ 13.Nxf3 Bxf3 14.Qxf3 O-O 15.Bg5
h6 16.Bf4 Nd7 17.Qe3 Kh7 18.h4 b4 19.cxb4 cxb4 20.Qd2 Qa5 21.h5 Rfc8 22.
hxg6+ fxg6 23.Rec1 Nc5 24.Qe2 Na4 25.e5 Qxd5 26.exd6 exd6 27.Rxc8 Rxc8 28.
Qxa6 Ra8 29.Qxd6 Qxd6 30.Bxd6 Nxb2 31.Re1 Rxa2 32.Re7 Kh8 33.Bxb4 Bd4 34.
Re4 Bg7 35.Re8+ Kh7 36.Re7 Kh8 37.Rd7 Be5 38.g3 Ra4 39.Bd2 h5 40.Bb5 Ra8 
41.Kg2 Rc8 42.Rd5 Bg7 43.Bd7 Rf8 44.Bb4 Rb8 45.Bd6 Ra8 46.Bb5 Rd8 47.Rd2 
Kh7 48.Bf4 Rxd2 49.Bxd2 Nd1 50.Kf3 Bd4 51.Be1 Nc3 52.Bc6 Kg7 53.Bd2 Nd1 
54.Ke4 Bxf2 55.Ba4 Bxg3 56.Bxd1 Bh4 57.Kf4 Bf6 58.Ke4 1/2-1/2